000 00443nam a22001817a 4500
003 MPLRDC
005 20220104114738.0
008 210129b ||||| |||| 00| 0 eng d
020 _a7-80053-535-5
082 _a861.57 LMT
100 _a铃木瞳
245 _a迟到的婚礼钟声
_c周祺译
250 _a一版一刷
260 _a
_b华夏出版社
_c1989
300 _b
650 _a日本现代小说
942 _cBK
_o861.57 LMT
999 _c9896
_d9886